[Event "Petermaennchen GM"]
[Site "Schwerin"]
[Date "1999.08.10"]
[Round "2"]
[White "Danielsen, Henrik"]
[Black "Luther, Thomas"]
[Result "1-0"]
[WhiteElo "2512"]
[BlackElo "2507"]
[Annotator "Ftacnik,L"]
[PlyCount "45"]
[EventDate "1999.08.09"]
[EventType "tourn"]
[EventRounds "9"]
[EventCountry "GER"]
[EventCategory "10"]
[SourceTitle "CBM 073"]
[Source "ChessBase"]
[SourceDate "1999.12.01"]
[SourceVersion "1"]
[SourceVersionDate "1999.12.01"]
[SourceQuality "1"]

1. f4 d5 2. Nf3 Bg4 3. e3 Nd7 4. h3 Bxf3 5. Qxf3 Ngf6 6. g4 (6. Nc3 e6 (6... c6
7. g4 e5 8. g5 Ng8 9. d3 Bb4 10. Bd2 Ne7 11. a3 Bd6 12. h4 Qc7 13. Bh3 exf4 14.
exf4 O-O-O 15. O-O-O Kb8 16. h5 Nc5 17. Qf2 {1-0 Vigus,J-Pert,N/Witley/1999/ 
(46)}) 7. g4 Bb4 (7... c6 8. g5 Ng8 9. h4 Qc7 10. Bh3 O-O-O 11. b3 Bd6 12. Bb2
Ne7 13. O-O-O g6 $5 14. h5 Rhf8 15. hxg6 hxg6 16. Kb1 Kb8 17. Rdf1 a6 18. e4 {
1-0 Neil,K-Finnie,D/SCO-chT1/1994/ (30)}) 8. g5 Bxc3 (8... Ng8 9. d3 c6 10. Bd2
h6 11. h4 h5 12. a3 Bd6 13. Ne2 Ne7 14. Bc3 Rh7 15. Bh3 Nf5 16. Bxf5 exf5 17.
e4 fxe4 18. dxe4 Nb6 19. exd5 cxd5 20. Qd3 g6 21. f5 {1-0 Danielsen,
H-Salmensuu,O/Koge/1997/ (32)}) 9. bxc3 Ne4 10. d3 Nd6 11. c4 c6 12. e4 dxe4
13. dxe4 f5 14. exf5 Qa5+ 15. Bd2 Qxf5 16. O-O-O O-O-O 17. Bc3 Ne8 18. h4 Rf8
19. Bh3 Qxf4+ 20. Qxf4 Rxf4 21. Bxe6 {1-0 Nimzowitsch,A-Kmoch,H/Kecskemet/1927/
(33)}) (6. d3 e5 7. e4 dxe4 8. dxe4 Bb4+ 9. Nc3 O-O 10. Bd3 Nc5 11. fxe5 Nfxe4
12. O-O Nxd3 13. Qxe4 Bxc3 14. bxc3 Nxc1 15. Raxc1 Qe7 16. Qxb7 Qxe5 17. Qc6
Rae8 18. Rcd1 Re7 19. Rd3 g6 20. Rfd1 Rfe8 {0-1 Raurell,J-Comas Fabrego,L/Olot/
1994/ (32)}) 6... e6 7. d3 (7. g5 Ne4 8. d3 Nd6 $13) 7... Bb4+ 8. c3 (8. Nd2
O-O 9. c3 Bd6 $13) 8... Bd6 9. e4 {White hopes to build strong pawn chain and
even open up the position a bit for his bishops.} dxe4 10. dxe4 e5 (10... Bc5
11. g5 Ng8 12. Bg2 Ne7 $13) 11. g5 Ng8 (11... exf4 12. gxf6 Qxf6 13. Nd2 Ne5
14. Qf2 $16) 12. f5 h6 (12... Qe7 $5 13. Be3 Bc5 14. Nd2 h6 $5) 13. h4 Be7 $2 (
13... hxg5 14. hxg5 Rxh1 15. Qxh1 Qe7 16. Bc4 (16. Qh8 Qf8 $13) 16... Nb6 17.
Bb3 O-O-O 18. Qh8 $14) (13... Qe7 $5) 14. Qh5 $1 {The rook on h8 and knight on
g8 are virtually trapped in the corner, black has serious problems.} (14. g6 $2
Bxh4+ 15. Ke2 fxg6 16. fxg6 Qf6 $17) 14... Nb6 15. Be3 Qd6 16. Na3 c6 (16... g6
17. Qf3 hxg5 18. hxg5 Rxh1 19. Qxh1 gxf5 20. Rd1 Qe6 21. exf5 Qxf5 22. Bh3 Qg6
23. Qxb7 $16) (16... Rd8 17. Nc4 Nxc4 18. Bxc4 g6 19. fxg6 Qxg6 20. Qxg6 fxg6
21. Ke2 $16) 17. Nc4 (17. Rd1 Qc7 18. Nc4 Rd8 19. Rxd8+ Bxd8 20. Nxb6 axb6 21.
Bc4 $16) 17... Nxc4 (17... Qc7 18. O-O-O $16) 18. Bxc4 O-O-O (18... g6 19. Qf3
hxg5 20. Rd1 Qf6 21. hxg5 Rxh1+ 22. Qxh1 Qg7 23. f6 $18) 19. Rh2 Qc7 20. Bxf7
hxg5 $2 {What a sad admission of the 13...Be7? failure! Black sacrifices rook
for some breathing space, but it will not be enough.} (20... Kb8 21. Rd1 Rxd1+
22. Kxd1 Bd6 23. Rd2 Ne7 24. Be6 $18) 21. Qxh8 Nh6 (21... Nf6 22. Qxg7 gxh4 23.
Bg5 $18) 22. Qxg7 Ng4 23. f6 (23. f6 Nxh2 24. Be6+ Kb8 25. fxe7 Re8 26. Bc5 $18
) (23. Bxa7 b6 (23... Nxh2 24. Be6+ Rd7 25. Qxe7 $18) 24. Rg2 Ne3 25. Re2 $18)
1-0

[Event "RUS-ch 54th"]
[Site "Elista"]
[Date "2001.05.02"]
[Round "3"]
[White "Chernyshov, Konstantin"]
[Black "Epishin, Vladimir"]
[Result "1-0"]
[WhiteElo "2536"]
[BlackElo "2579"]
[Annotator "Ftacnik,L"]
[PlyCount "41"]
[EventDate "2001.04.29"]
[EventType "swiss"]
[EventRounds "9"]
[EventCountry "RUS"]
[SourceTitle "CBM 083"]
[Source "ChessBase"]
[SourceDate "2001.07.05"]
[SourceVersion "1"]
[SourceVersionDate "2001.07.05"]
[SourceQuality "1"]

1. f4 d5 2. Nf3 g6 3. e3 Bg7 4. Be2 Nd7 5. O-O e5 6. fxe5 (6. d4 exf4 7. exf4
Ne7 8. Nc3 c6 9. Bd3 Nf6 10. Ne2 Ne4 11. c3 O-O 12. a4 Nf5 13. Bxe4 dxe4 14.
Ng5 Re8 15. Ng3 Qd5 16. Nxf5 Bxf5 17. g4 Bd7 18. Be3 c5 {0-1 Gara,G-Vogt,L/
Eger/1987/ (42)}) 6... Nxe5 7. Nxe5 Bxe5 8. d4 (8. Nc3 Be6 9. Qe1 h5 10. d3 g5
11. Qf2 h4 12. Bg4 Qf6 13. Qxf6 Bxf6 14. Bxe6 fxe6 15. Bd2 O-O-O 16. Rab1 Rh7
17. Ne2 c5 {0-1 Pannekoek,W-Sinke,W/Vlissingen/1998/ (49)}) 8... Bg7 9. c4 dxc4
(9... Nf6 10. Nc3 O-O 11. cxd5 Nxd5 12. Nxd5 Qxd5 13. Bf3 Qd8 14. Qb3 c6 15.
Bd2 Re8 16. Rfe1 Rb8 17. Bc3 Be6 18. Qa3 a6 19. Rad1 f5 {0-1 Bohn,T-Heinemann,
T/Germany/1991/ (29)}) 10. b3 $6 {White plays irrational moves in an attempt
to shatter black's defense with unsual problems.} (10. Bxc4 Nh6 11. Nc3 O-O 12.
Qf3 Nf5 $14) 10... Nh6 (10... cxb3 11. Qxb3 f5 12. Bc4 Nh6 13. Nc3 $36) 11. Ba3
Qg5 (11... Nf5 12. Bxc4 Be6 13. Bxe6 fxe6 14. Qf3 (14. Qe2 Qd5 15. Nc3 Nxd4 $2
(15... Qa5 16. Bb2 O-O $11) 16. exd4 Qxd4+ 17. Kh1 $18) 14... Qd5 15. Nc3 Qxf3
16. Rxf3 Nxe3 17. Rxe3 Bxd4 18. Kf2 $13) 12. Rf4 Nf5 (12... cxb3 $2 13. Qxb3 f5
(13... Qxf4 $6 14. exf4 Bxd4+ 15. Kh1 Bxa1 16. Nc3 $16) 14. Ba6 bxa6 15. Qd5
Rb8 16. Re4+ fxe4 17. Qxg5 $16) 13. h4 (13. Bxc4 Nxe3 14. Qf3 Nxc4 15. bxc4 Qa5
$17) 13... Nxh4 $6 (13... Qg3 $1 14. Re4+ (14. Bf3 Bh6 15. Re4+ Kd8 16. Qe2 Re8
$19) 14... Kd8 15. Bxc4 Nxe3 16. Qe2 Bf5 17. Rxe3 Bxd4 $19) 14. Qf1 Nf5 $6 {
Epishin loses time and doesn't play the most unpleasant moves for white.} (
14... cxb3 15. axb3 Be6 16. Nd2 Qg3 $17) 15. Qf3 c6 (15... Be6 16. Qxb7 (16.
Nd2 cxb3 17. Qxb7 Rc8 18. Nxb3 Nxe3 19. Qc6+ Kd8 20. Nc5 Qxg2+ 21. Qxg2 Nxg2
22. Kxg2 Bd5+ 23. Bf3 $14) 16... Rc8 17. Bxc4 Kd8 18. Qf3 $14) (15... Nd6 16.
bxc4 $44) 16. Nd2 Kd8 (16... cxb3 17. axb3 (17. Ne4 $6 Qd8 18. Rxf5 (18. axb3
Nxd4 $1 $19) 18... b2 19. Rf1 Bxf5 20. Nd6+ Qxd6 21. Bxd6 b1=Q 22. Rxb1 Bxb1
23. Ba6 Rd8 24. Bc5 bxa6 25. Qxc6+ Rd7 $11) 17... Be6 18. Ne4 Qd8 19. Rxf5 gxf5
20. Nd6+ Kd7 21. Nxb7 Qc7 22. Nc5+ Ke8 23. Na6 Qb7 24. Qg3 $18) 17. Ne4 Qh6 (
17... Qh5 18. Qf2 Qh6 19. g4 $16) 18. g4 $1 {Black pieces lack coordination,
so the decision is imminent.} Nxd4 (18... Nh4 19. Qg3 f6 20. g5 fxg5 21. Rf7
$18) 19. Rd1 f5 (19... Bxg4 20. Qxg4 f5 21. Qg3 Be5 22. Bxc4 fxe4 23. Rf8+ $1
Rxf8 24. Rxd4+ $18) 20. g5 Qh5 (20... fxe4 21. gxh6 exf3 22. hxg7 $18) 21. Qg2
1-0

[Event "ASEAN GM 1st"]
[Site "Bangkok"]
[Date "2004.06.04"]
[Round "1"]
[White "Aung, Aung"]
[Black "Zaw, Win Lay"]
[Result "0-1"]
[WhiteElo "2524"]
[BlackElo "2475"]
[Annotator "Ftacnik,L"]
[PlyCount "116"]
[EventDate "2004.06.04"]
[EventType "tourn"]
[EventRounds "10"]
[EventCountry "THA"]
[EventCategory "10"]
[SourceTitle "CBM 102"]
[Source "ChessBase"]
[SourceDate "2004.09.23"]
[SourceVersion "1"]
[SourceVersionDate "2004.09.23"]
[SourceQuality "1"]

1. e3 Nf6 2. f4 d5 3. Nf3 Bg4 4. Be2 c6 5. O-O Nbd7 6. Ne5 Bxe2 7. Qxe2 Qc7 8.
Nxd7 Nxd7 (8... Qxd7 9. d3 e6 10. b3 Be7 11. Bb2 O-O 12. Nd2 $11) 9. c4 {
White can not claim any advantage after such a timid opening.} dxc4 (9... e6
10. b3 Be7 11. Bb2 O-O $11) 10. Qxc4 e5 11. fxe5 (11. Nc3 Bd6 12. Ne4 O-O $11)
11... Nxe5 12. Qe4 Be7 13. d4 (13. b3 O-O 14. Bb2 Bd6 15. Qf5 Rad8 $15) 13...
Ng6 14. Nd2 (14. Nc3 O-O 15. Qd3 Bd6 16. h3 Rad8 $13) 14... O-O 15. Nf3 Qd7 (
15... f5 16. Qe6+ Kh8 17. Bd2 Bd6 18. Rae1 Rae8 $15) 16. Bd2 Rad8 17. Qc2 Bd6
18. Rae1 (18. e4 f6 19. Rae1 $11) 18... f6 19. Bb4 {Aung will exchange pieces
since he doesn't trust pawn advance in the center with e4.} (19. e4 $11) 19...
Bxb4 20. Qc4+ Qd5 21. Qxb4 Rf7 (21... Qxa2 22. Qxb7 Rb8 23. Qxc6 Rxb2 24. g3
$11) 22. b3 Re8 23. Qc4 Rfe7 24. Kf2 (24. Qc3 f5 25. Nd2 $11) 24... Kf8 25.
Qxd5 $6 {Second rate move, that gives black slightly better prospect due to
the backward e3 pawn.} (25. Qc3 $11) 25... cxd5 26. g3 Rc8 27. Rc1 Rec7 28.
Rxc7 Rxc7 29. Rd1 Ne7 (29... Rc2+ 30. Rd2 $11) 30. Ke2 Nf5 31. Kd2 (31. Kd3 Nd6
32. Nd2 f5 33. Rf1 Ke7 $15) 31... Kf7 32. a4 g5 33. Kd3 Nd6 34. Nd2 f5 35. h3 (
35. Rf1 Ke6 36. h3 h5 $15) 35... Ke6 36. g4 h6 37. gxf5+ (37. Rf1 $5 Rf7 38.
gxf5+ Rxf5 39. Re1 h5 40. e4 dxe4+ 41. Nxe4 $11) 37... Nxf5 38. e4 $2 {Very
good idea, but the execution is simply poor. White overlooks the pawn and will
have to suffer.} (38. Rf1 Ne7 39. e4 $11) 38... dxe4+ 39. Nxe4 (39. Kxe4 Rc3
40. d5+ Kf6 41. Re1 Rxh3 $19) 39... Nxd4 $1 40. Re1 (40. Kxd4 Rd7+ $19) 40...
Nc2 41. Rf1 (41. Nc5+ Kd5 42. Kxc2 Kxc5 $17) 41... Ke5 42. Nd2 Nb4+ 43. Ke2 Rc3
44. Rf7 (44. Rf3 Rxf3 45. Kxf3 Kd4 46. Kg4 Nd3 $19) 44... Rxh3 45. Rxb7 Nc6 46.
b4 (46. Nc4+ Ke4 47. Rc7 Nd4+ 48. Kf2 a6 $17) 46... Nd4+ 47. Kf2 g4 {[%mdl
4096] Advance of black pawns is very unpleasant, since white king will fall
under mating attack.} 48. Nf1 (48. Nc4+ Kd5 49. Ne3+ Kc6 50. Re7 h5 51. Re5 a6
$17) 48... h5 49. Rxa7 h4 50. Re7+ (50. b5 Rf3+ 51. Ke1 g3 52. Rg7 Ra3 53. Nxg3
hxg3 54. b6 Ra1+ 55. Kd2 g2 56. b7 Nc6 $19) 50... Kf4 51. Rf7+ Nf5 52. b5 Rb3
53. Rd7 (53. Kg1 h3 54. Rf8 g3 $19) 53... h3 54. Rf7 (54. Rd2 g3+ 55. Kg1 Rb1
$19) 54... Rb2+ 55. Kg1 Kg5 56. Rf8 Nd4 {Zaw doesn't even go for the obvious
idea 56...g3, but black is winning even with Nf3+ idea.} (56... g3 57. Rh8 (57.
Rxf5+ Kxf5 58. Nxg3+ Kf4 59. Nf1 Rg2+ 60. Kh1 Ra2 $19) 57... Kg4 58. Rg8+ Kf3
59. Rf8 h2+ $19) 57. Rg8+ Kf4 58. Rf8+ Ke4 0-1

[Event "POL-ch"]
[Site "Warsaw"]
[Date "2004.05.07"]
[Round "13"]
[White "Jakubiec, Artur"]
[Black "Gdanski, Jacek"]
[Result "0-1"]
[WhiteElo "2532"]
[BlackElo "2529"]
[Annotator "Ftacnik,L"]
[PlyCount "92"]
[EventDate "2004.04.24"]
[EventType "tourn"]
[EventRounds "13"]
[EventCountry "POL"]
[EventCategory "12"]
[SourceTitle "CBM 101"]
[Source "ChessBase"]
[SourceDate "2004.07.27"]
[SourceVersion "1"]
[SourceVersionDate "2004.07.27"]
[SourceQuality "1"]

1. f4 d5 2. Nf3 g6 3. g3 c6 4. Bg2 Qb6 5. Nc3 Bg7 6. e3 Nh6 {The opening is
nothing if not original, white is playing Dutch defense with extra tempo, but
black still tried to stop the castling with Qb6.} 7. a4 a5 (7... O-O 8. a5 Qc7
9. O-O Nf5 $11) 8. d4 Na6 9. O-O Nf5 10. Ne5 (10. Ra3 O-O 11. Rb3 Qc7 12. Ne5
Rd8 $11) 10... h5 11. Bf3 Be6 12. Re1 Rd8 (12... O-O-O 13. Ra3 g5 14. Rb3 Qa7
$13) 13. b3 Nd6 (13... c5 14. Nb5 O-O 15. Ba3 $11) 14. Ba3 Bf5 15. Kg2 $6 {
Jakubiec just does not feel the danger of beiing crushed with a fine tactical
combination.} (15. Rc1 Nb4 16. Bg2) 15... Nb4 16. Rc1 (16. Bxb4 Qxb4 17. Na2
Qb6 $15) (16. Nd3 Nxd3 17. cxd3 Bg4 18. Bxg4 hxg4 19. Bc5 Qa6 20. Rb1 Nf5 $15)
16... Nxc2 $1 17. Rxc2 Qxb3 18. e4 (18. Rc1 Qxa3 19. Qe2 e6 $19) 18... dxe4 19.
Nxe4 Bxe4 (19... Qxa3 $2 20. Rc3 Qa2+ 21. Rc2 Nxe4 22. Rxa2 $18) 20. Bxe4 Qxa3
21. Bxg6 Bxe5 {Gdanski knows, that his position is winning and he doesn't want
to take too much risk.} (21... fxg6 22. Nxg6 Kf7 23. Nxh8+ Rxh8 24. Rce2 Bf6
$19) 22. fxe5 fxg6 23. exd6 Qxd6 24. Rce2 (24. Qb1 Rd7 25. Re4 h4 $19) 24...
Qd5+ (24... Rh7 25. Qb1 Qd5+ 26. Re4 Rd7 $17) 25. Kg1 O-O 26. Rxe7 Rf7 (26...
Qxd4+ 27. Qxd4 Rxd4 28. Rxb7 Rxa4 29. Ree7 $11) 27. R7e4 {White has a
difficult task with two weaknesses on a4 and d4 on top of a missing pawn.} Kg7
28. Qc2 Rd6 29. Qc3 Kh7 30. Qe3 (30. Re5 Qxd4+ 31. Qxd4 Rxd4 32. Rxa5 Kh6 $17)
30... Rdf6 31. Re7 (31. Re5 Qa2 32. Rxa5 (32. Qe4 Qxa4 33. Rxh5+ Kg7 34. Rh4
Qb5 $19) 32... Rf2 $19) 31... Rxe7 (31... Qc4 32. Rxf7+ Rxf7 33. Qd2 Qxa4 34.
d5 cxd5 35. Qxd5 Rd7 36. Qc5 Qb4 37. Qxb4 axb4 $17) 32. Qxe7+ Rf7 33. Qe5 (33.
Qc5 Qf3 $17) 33... Qf3 34. Qe3 (34. Qe6 b5 35. d5 Qxd5 36. Qxd5 cxd5 37. axb5
Rb7 38. Rb1 Kg7 $17) 34... Qxe3+ 35. Rxe3 Kh6 36. h4 (36. Re5 Rd7 37. Rxa5 Rxd4
$17) 36... Rd7 37. Re5 (37. Rd3 b5 $19) 37... Rd5 38. Re4 (38. Rxd5 cxd5 39.
Kf2 Kg7 40. Ke3 Kf6 41. Kf4 b6 $19) 38... b5 $1 {[%mdl 4096] The rest is
examplary advance of the two passed pawns, since the first player is tied down
with the defense of the d4 pawn.} 39. axb5 (39. Kf2 bxa4 40. Re6 a3 41. Rxc6
Rxd4 42. Rc2 Rb4 $19) 39... cxb5 40. Kf2 b4 41. Ke3 b3 42. Kd2 Rb5 43. Kc1 a4
44. Kb1 Rb4 45. Rf4 Rc4 46. Re4 a3 0-1

[Event "EU-chT (Men) 20th"]
[Site "Reykjavik"]
[Date "2015.11.15"]
[Round "3.2"]
[White "Rapport, Richard"]
[Black "Fressinet, Laurent"]
[Result "1-0"]
[WhiteElo "2693"]
[BlackElo "2712"]
[Annotator "Havasi,G"]
[PlyCount "77"]
[EventDate "2015.11.13"]
[EventType "team-swiss"]
[EventRounds "9"]
[EventCountry "ISL"]
[SourceTitle "CBM 170"]
[Source "ChessBase"]
[SourceDate "2016.01.15"]
[SourceVersion "1"]
[SourceVersionDate "2016.01.15"]
[SourceQuality "1"]
[WhiteTeam "Hungary"]
[BlackTeam "France"]
[WhiteTeamCountry "HUN"]
[BlackTeamCountry "FRA"]

1. f4 d5 2. Nf3 g6 3. c4 $5 (3. g3 Bg7 4. Bg2 Nf6 {is typical, with a reversed
Dutch.}) 3... c6 {A logical solid move.} (3... dxc4 4. e3 {seems better for
White}) (3... d4 4. b4 {is also very unclear.}) 4. e3 Bg7 5. Nc3 Nf6 6. d4 O-O
7. Be2 {We should compare this position to a position arising from the
e3-Grünfeld, with an extra f4. Surprisingly, White's strange idea makes some
sense, because f4 is very useful to defend against a possible ...e5.} e6 (7...
Bg4 {seems better followed by ...e6, but the bishop won't be passive.} 8. O-O
Nbd7 $13) 8. O-O dxc4 ({If Black wants to prepare for ...b5 followed by ...c5
with} 8... Nbd7 {, White plays} 9. b3 $14) 9. Bxc4 Nbd7 (9... b5 10. Be2 a6 11.
Ne5 $16 {is very good for White.}) 10. e4 $1 (10. Be2 c5 {is not bad for Black.
}) 10... b5 $1 11. Bd3 b4 $1 12. Na4 c5 $1 {This position is critical. Black
sacrifices a P, but wants to get active.} 13. Nxc5 (13. dxc5 Qa5 $44) 13...
Nxc5 14. dxc5 Bb7 15. e5 (15. Qc2 {was the alternative} Qc7 16. Bd2 (16. Be3
Ng4 {is not so simple}) 16... Rfc8 17. Bxb4 a5 18. Bd2 Bf8 $44) 15... Nd5 16.
Ng5 $1 {A strong move to get the N to e4.} Qa5 $6 (16... Qc7 $1 {would have
got equality} 17. Qc2 Rfc8 18. Ne4 Bf8 19. Bd2 Bxc5+ 20. Nxc5 Qxc5+ 21. Qxc5
Rxc5 $11) 17. Ne4 Rfc8 18. Kh1 Ba6 19. a3 Bf8 20. Bxa6 Qxa6 21. Nd6 $16 Rc7 22.
Bd2 b3 23. Rc1 Rb8 24. Rf3 Qa4 25. Rc4 Qa6 26. Qc1 Qc6 27. h3 Rd7 28. Qf1 Qa6
29. f5 $1 {Very nice move.} (29. Kh2 $18 {is a simple winning position for
White.}) 29... exf5 30. Rxf5 gxf5 31. Rg4+ $1 fxg4 32. Qxa6 $18 Ne7 33. e6 fxe6
34. Qa4 Rc7 35. Qxg4+ Ng6 36. Qxe6+ Kh8 37. Nf7+ Kg8 38. Nh6+ Kh8 39. Qg8# {
A very nice game by Rapport.} 1-0

[Event "RUS-chT 06th"]
[Site "St Petersburg"]
[Date "1999.05.20"]
[Round "5"]
[White "Kharlov, Andrei"]
[Black "Raetsky, Alexander"]
[Result "1-0"]
[WhiteElo "2600"]
[BlackElo "2453"]
[Annotator "Hecht,H"]
[PlyCount "115"]
[EventDate "1999.05.16"]
[EventType "team-tourn"]
[EventRounds "9"]
[EventCountry "RUS"]
[SourceTitle "EXT 2020"]
[Source "ChessBase"]
[SourceDate "2019.10.17"]
[SourceVersion "1"]
[SourceVersionDate "2019.10.17"]
[SourceQuality "1"]
[WhiteTeam "Kazan Sberbank-Tatarstan"]
[BlackTeam "Voronezh OShK"]
[WhiteTeamCountry "RUS"]
[BlackTeamCountry "RUS"]

1. Nf3 d5 2. b3 c5 3. e3 Nc6 4. Bb5 Bd7 5. Bb2 e6 6. O-O Nf6 7. d3 Be7 8. Bxc6
Bxc6 9. Ne5 Rc8 10. f4 O-O 11. Nd2 b5 12. Rf3 Nd7 13. Rh3 Nxe5 14. Qh5 h6 15.
Bxe5 f6 16. Bb2 d4 17. Rg3 dxe3 18. Nf1 Kh8 19. Qg6 Rg8 20. Rh3 Rf8 21. Nxe3
Qe8 22. Qg3 c4 23. bxc4 bxc4 24. Nxc4 Bd5 25. Ne3 Qb5 26. Bd4 Ba8 27. Qg6 Qe8
28. Qg4 Qd7 29. c3 Bc5 30. Bxc5 Rxc5 31. Nd1 Rb8 32. Re3 Rb6 33. d4 Rcb5 34.
Re1 Rb1 35. Rxb1 Rxb1 36. Qe2 Qd5 37. Kf1 Ra1 38. Ne3 Qxa2 39. Qxa2 Rxa2 40.
Re2 {[#] Schwarz versäumt es, rechtzeitig den König bei der Bekämpfung des
alsbald entstehenden weißen d-Freibauern einzusetzen. Im späteren Verlauf
zeigt sich, daß sich sowohl der Läufer (Analyse) als auch der Turm mit der
Verteidigung schwer tun bzw. überfordert sind.} Ra1+ 41. Kf2 Be4 42. c4 a5 (
42... Kg8 $1 43. d5 exd5 44. cxd5 Kf7 45. d6 Ra4 46. Rd2 Ke8) 43. d5 exd5 44.
cxd5 Rc1 (44... a4 45. d6 Bc6 (45... Rb1 46. d7 Rb8 47. Rc2 Bb7 48. Rb2 $18)
46. Rc2 Bb5 {[#] Analysediagramm Die Suche nach einem Gewinn gestaltet sich
außerordentlich schwierig.} 47. Rb2 $1 (47. Rc5 $5 Rb1 (47... Bd7 48. Rc7 Bb5
49. d7 $18) 48. Rc8+ Kh7 49. Rb8 a3 $2 (49... Rb2+ $1 50. Kg3 Rb3 51. Kf2 Rb2+
$11 {hält allerdings remis.}) 50. d7 a2 51. d8=Q a1=Q {[#] Analysediagramm} 52.
Qg8+ Kg6 53. f5+ Kh5 (53... Kg5 54. Qxg7+ Kf4 55. Qg3+ Ke4 56. Qf3+ Kd3 (56...
Ke5 57. Qd5+ Kf4 58. g3+ Kg5 59. Qg8+ Kh5 60. Qg6#) (56... Kd4 57. Nc2+ $18)
57. Qd5+ Qd4 58. Rxb5 $18) 54. Qf7+ Kh4 55. g3+ Kh3 56. Qh5#) 47... Bc6 48. Rb6
Rc1 49. Rb8+ Kh7 50. Rc8 a3 51. d7 a2 52. d8=Q a1=Q {[#] Analysediagramm} 53.
Qd3+ g6 54. Rc7+ $18) 45. Rd2 Rc8 46. d6 Rd8 47. Nc4 a4 48. Ke3 Bc6 49. Kd4 Kg8
{zu spät!} 50. Kc5 Be8 51. Nb6 Kf8 52. f5 (52. d7 Bxd7 53. Nxd7+ (53. Rxd7 $2
Rxd7 54. Nxd7+ Ke7 (54... Ke8 55. Nxf6+ gxf6 56. Kb4 Kd7 57. Kxa4 Ke6 58. g4
Kd5 59. h4 Ke4 60. g5 fxg5 61. fxg5 hxg5 62. hxg5 Kf5 $11) 55. Nb6 a3 56. Nd5+
Ke6 57. Nc3 Kf5 58. Kd4 Kxf4 $11) 53... Ke7 54. Kc6 Rc8+ 55. Kb7 Rd8 56. Kc7
$18) 52... g6 53. fxg6 Bxg6 54. Kc6 a3 55. Kc7 Bb1 56. Kxd8 a2 57. Rxa2 Bxa2
58. d7 1-0

[Event "Ostrava"]
[Site "Ostrava"]
[Date "1993.??.??"]
[Round "?"]
[White "Vokac, Marek"]
[Black "Fogarasi, Tibor"]
[Result "1/2-1/2"]
[WhiteElo "2465"]
[BlackElo "2440"]
[Annotator "Horn,Pe"]
[PlyCount "27"]
[EventDate "1993.09.??"]
[EventType "tourn"]
[EventRounds "9"]
[EventCountry "CZE"]
[EventCategory "10"]
[SourceTitle "CBM 038"]
[Source "ChessBase"]
[SourceDate "1994.02.01"]
[SourceVersion "1"]
[SourceVersionDate "1994.02.01"]
[SourceQuality "1"]

1. b3 d5 2. Bb2 Nf6 3. e3 e6 4. f4 b6 5. Nf3 Bb7 6. Bb5+ c6 7. Bd3 Nbd7 8. O-O
Bd6 9. Nc3 (9. Ne5 $5) 9... O-O (9... e5 $6 10. Nb5 $1 cxb5 11. fxe5 $16) 10.
Ne2 c5 11. Ng3 (11. Ne5 Bxe5 12. fxe5 Ng4 13. Ng3 Ngxe5 14. Bxe5 Nxe5 15. Bxh7+
Kxh7 16. Qh5+ Kg8 17. Qxe5 $13) 11... Qc7 12. Ng5 h6 13. Nh5 e5 (13... hxg5 $2
14. fxg5 Nxh5 15. Qxh5 $18) 14. fxe5 (14. fxe5 Bxe5 15. Nxf6+ Nxf6 16. Bxe5
Qxe5 $10) 1/2-1/2

[Event "Stockholm"]
[Site "Stockholm"]
[Date "1990.??.??"]
[Round "?"]
[White "Karlsson, Lars"]
[Black "Cramling, Pia"]
[Result "1-0"]
[WhiteElo "2495"]
[BlackElo "2505"]
[Annotator "Horn,Pe"]
[PlyCount "119"]
[EventDate "1990.??.??"]
[EventType "tourn"]
[EventRounds "9"]
[EventCountry "SWE"]
[EventCategory "11"]
[SourceTitle "CBM 022"]
[Source "ChessBase"]
[SourceDate "1991.06.01"]
[SourceVersion "1"]
[SourceVersionDate "1991.06.01"]
[SourceQuality "1"]

1. f4 d5 2. Nf3 g6 3. g3 Bg7 4. Bg2 c5 5. d3 d4 6. O-O Nc6 7. c4 Nh6 8. Na3 Nf5
9. Nc2 O-O 10. Ng5 Qc7 (10... Bd7 11. Ne4 b6 12. Bd2 a5 13. Rb1 Rb8 14. b3 $14
{Karlsson-Torres, Novi Sad ol 1990}) 11. Qe1 Nd6 $6 (11... e5 12. Ne4 b6 13. g4
Nfe7 $13 (13... Nd6 14. f5 $14)) 12. b4 $16 cxb4 13. Nxb4 Nxb4 14. Qxb4 Rb8 15.
c5 Nf5 16. Bd2 Bd7 17. Qa3 a6 18. Rab1 Bb5 19. Rfc1 h6 20. Ne4 Bc6 21. Qb3 Qd7
22. Qd1 Rfc8 23. Rb4 h5 24. Qf1 e6 25. Ng5 Bf8 26. Bxc6 Rxc6 27. Ne4 Be7 28.
Qf2 Qd8 29. h3 Qf8 30. g4 hxg4 31. hxg4 Ne3 32. g5 (32. Bxe3 dxe3 33. Qxe3 f5 {
><c5}) 32... Rxc5 (32... Bxc5 33. Qh4 Be7 34. Rxd4) 33. Rxd4 Rxc1+ 34. Bxc1 Ng4
35. Qh4 f5 36. gxf6 Nxf6 37. Qg3 Qg7 38. Rc4 Nxe4 39. dxe4 Rd8 40. Be3 Bd6 41.
Bd4 Qh6 42. Qg4 Kf7 43. e3 Rg8 44. Rc2 Qh5 45. Qxh5 gxh5+ 46. Kh2 e5 47. fxe5
Bb8 48. Rf2+ Ke7 49. Rf5 Rh8 50. Rf6 Bc7 51. Kh3 Ke8 52. e6 Bd6 53. Rf7 Rg8 54.
Bg7 Be7 55. e5 h4 56. e4 Bf8 57. Bf6 Rg3+ 58. Kxh4 Re3 59. Rc7 Rxe4+ 60. Kh5
1-0